[Event "Gibraltar Masters 10th"]
[Site "Caleta"]
[Date "2012.01.30"]
[Round "7"]
[White "Cernousek, Lukas"]
[Black "Duport, Nicolas"]
[Result "1-0"]
[WhiteElo "2438"]
[BlackElo "2200"]
[PlyCount "107"]
[EventDate "2012.01.24"]
[EventType "swiss"]
[EventRounds "10"]
[EventCountry "GGB"]
[SourceTitle "CBM 147"]
[Source "ChessBase"]
[SourceDate "2012.03.16"]
[SourceVersion "1"]
[SourceVersionDate "2012.03.16"]
[SourceQuality "1"]

1. d4 Nf6 2. c4 e6 3. g3 d5 4. Nf3 Bb4+ 5. Bd2 Be7 6. Bg2 0-0 7. 0-0 c6 8. Qc2 b6 9. Rd1 Ba6 10. b3 Nbd7 11. a4 c5 12. Na3 Bb7 13. Qb2 Ne4 14. Be1 Bf6 15. b4 Rb8 16. Rac1 a6 17. Qb1 Qe7 18. cxd5 exd5 19. bxc5 bxc5 20. Nc2 Rfc8 21. Qa2 g6 22. dxc5 Rxc5 23. Ncd4 Rbc8 24. Rxc5 Qxc5 25. Bh3 Rc7 26. Nb3 Qe7 27. Nfd4 Ne5 28. Na5 Nc4 29. Qb3 Ng5 30. Bf1 Bc8 31. Ndc6 Qc5 32. Bb4 Nxa5 33. Nxa5 Qb6 34. Be1 Qa7 35. h4 Ne4 36. Bg2 Be6 37. Qd3 Qc5 38. Bxe4 dxe4 39. Qxe4 Kg7 40. Bb4 Qb6 41. Qf4 Rd7 42. Rc1 Rd5 43. Nc6 Rf5 44. a5 Qb5 45. Qd6 h6 46. e4 Rh5 47. Qf8+ Kh7 48. Ne7 Bxe7 49. Qxe7 Qd7 50. Qf6 Qe8 51. Bc3 Qf8 52. Rd1 Rc5 53. Rd8 Qxd8 54. Qg7# 1-0

[Event "Gibraltar Masters 10th"]
[Site "Caleta"]
[Date "2012.01.28"]
[Round "5"]
[White "Duport, Nicolas"]
[Black "Negi, Parimarjan"]
[Result "0-1"]
[WhiteElo "2200"]
[BlackElo "2641"]
[PlyCount "102"]
[EventDate "2012.01.24"]
[EventType "swiss"]
[EventRounds "10"]
[EventCountry "GGB"]
[SourceTitle "CBM 147"]
[Source "ChessBase"]
[SourceDate "2012.03.16"]
[SourceVersion "1"]
[SourceVersionDate "2012.03.16"]
[SourceQuality "1"]

1. d4 d5 2. c4 e6 3. Nc3 c6 4. cxd5 exd5 5. Nf3 Bd6 6. Bg5 Ne7 7. e3 Bf5 8. Bd3 Bxd3 9. Qxd3 Qd7 10. Bh4 Nf5 11. Bg3 0-0 12. 0-0 Nxg3 13. hxg3 Qe7 14. e4 dxe4 15. Nxe4 Na6 16. Rfe1 Qd8 17. a3 Nc7 18. b4 h6 19. Rad1 Re8 20. Nc5 Rxe1+ 21. Rxe1 Bxc5 22. bxc5 Nd5 23. Ne5 Qe7 24. Rb1 Rd8 25. Qb3 f6 26. Ng6 Qe4 27. Nf4 Kh7 28. Nxd5 Rxd5 29. Qxb7 Rxd4 30. Rc1 a5 31. Qb3 a4 32. Qc3 Qd5 33. Qc2+ f5 34. Qc3 Kg6 35. Qe3 Rd3 36. Qf4 Qe4 37. Qxe4 fxe4 38. Rc4 Rxa3 39. Rxe4 Kf5 40. f3 Ra1+ 41. Kf2 a3 42. g4+ Kf6 43. Kg3 a2 44. Ra4 Ke5 45. f4+ Kd5 46. f5 Kxc5 47. g5 hxg5 48. Kg4 Kb5 49. Ra8 c5 50. Kxg5 c4 51. Kg6 c3 0-1

[Event "Gibraltar Masters 10th"]
[Site "Caleta"]
[Date "2012.01.25"]
[Round "2"]
[White "Duport, Nicolas"]
[Black "Bellon Lopez, Juan Manuel"]
[Result "0-1"]
[WhiteElo "2200"]
[BlackElo "2422"]
[PlyCount "70"]
[EventDate "2012.01.24"]
[EventType "swiss"]
[EventRounds "10"]
[EventCountry "GGB"]
[SourceTitle "CBM 147"]
[Source "ChessBase"]
[SourceDate "2012.03.16"]
[SourceVersion "1"]
[SourceVersionDate "2012.03.16"]
[SourceQuality "1"]

1. e4 c5 2. Nf3 e6 3. d4 cxd4 4. Nxd4 a6 5. Bd3 g6 6. 0-0 Bg7 7. Nf3 Nc6 8. Qe2 Qc7 9. c4 Nf6 10. h3 Nh5 11. Re1 Nf4 12. Bxf4 Qxf4 13. e5 f6 14. exf6 Bxf6 15. Nc3 0-0 16. Ne4 Bg7 17. Rad1 Nd4 18. Nxd4 Bxd4 19. Bb1 e5 20. c5 b5 21. b4 Bb7 22. Rf1 a5 23. a3 axb4 24. axb4 Bd5 25. Nd6 Ra3 26. Rd3 Ra1 27. Rdd1 Kh8 28. Rde1 Ra3 29. Be4 Rxh3 30. gxh3 Qg3+ 31. Kh1 Qxh3+ 32. Kg1 Qg3+ 33. Kh1 Bxf2 34. Qe3 Bxe3 35. Rxf8+ Kg7 0-1

[Event "Ascona-B"]
[Site "Ascona"]
[Date "2011.12.04"]
[Round "1"]
[White "Duport, Nicolas"]
[Black "Boschetti, Claudio"]
[Result "1-0"]
[WhiteElo "2193"]
[BlackElo "2110"]
[PlyCount "55"]
[EventDate "2011.12.04"]
[EventType "tourn"]
[EventRounds "9"]
[EventCountry "SUI"]
[SourceTitle "CBM 145 Extra"]
[Source "ChessBase"]
[SourceDate "2012.01.03"]
[SourceVersion "1"]
[SourceVersionDate "2012.01.03"]
[SourceQuality "1"]

1. e4 e5 2. Nf3 Nc6 3. Bb5 a6 4. Ba4 Nf6 5. 0-0 Be7 6. Re1 b5 7. Bb3 0-0 8. h3 Bb7 9. d3 d6 10. c3 Nb8 11. Nbd2 Nbd7 12. Nf1 c5 13. Ng3 Re8 14. Ng5 d5 15. exd5 Bxd5 16. Nf5 Bxb3 17. Qxb3 c4 18. dxc4 Nc5 19. Qd1 Nd3 20. Re3 bxc4 21. Rg3 Bc5 22. Be3 Qb6 23. Bxc5 Qxc5 24. Qf3 Qd5 25. Nxh7 Kxh7 26. Rxg7+ Kh8 27. Qg3 Qe4 28. Rh7+ 1-0

[Event "Vienna op 17th"]
[Site "Vienna"]
[Date "2011.08.19"]
[Round "7"]
[White "Schneider Zinner, Harald"]
[Black "Duport, Nicolas"]
[Result "1-0"]
[WhiteElo "2346"]
[BlackElo "2169"]
[PlyCount "81"]
[EventDate "2011.08.13"]
[EventType "swiss"]
[EventRounds "9"]
[EventCountry "AUT"]
[SourceTitle "CBM 143 Extra"]
[Source "ChessBase"]
[SourceDate "2011.08.29"]
[SourceVersion "1"]
[SourceVersionDate "2011.08.29"]
[SourceQuality "1"]

1. c4 e5 2. Nc3 Nf6 3. g3 d5 4. cxd5 Nxd5 5. Bg2 Nb6 6. Nf3 Nc6 7. 0-0 Be7 8. Rb1 a5 9. d3 0-0 10. Be3 Re8 11. a3 Bf8 12. Bxb6 cxb6 13. Nd2 Nd4 14. e3 Ne6 15. Nc4 Nc5 16. Nd5 Be6 17. Ncxb6 Ra6 18. d4 exd4 19. exd4 Nd7 20. Nc4 Qg5 21. Nce3 Bxd5 22. Nxd5 Rd6 23. h4 Qd8 24. Re1 Rxe1+ 25. Qxe1 Nb6 26. Ne3 Rxd4 27. Qxa5 Qf6 28. Bxb7 g6 29. Qc3 Qd6 30. Bf3 Rd3 31. Qc6 Qb8 32. Qe4 Rd7 33. Rd1 Re7 34. Qd3 Na4 35. b4 Qa7 36. Rc1 h5 37. Rc8 Nb6 38. Rd8 Nd7 39. Kg2 Ne5 40. Qc3 Nxf3 41. Rxf8+ 1-0